ENCYCLOPEDIA Britannica: World atlas

Gespeichert in:
Bibliographische Detailangaben
Format: Buch
Sprache:Englisch
Veröffentlicht: C. S Hammond 2010.
Tags: Tag hinzufügen
Keine Tags, Fügen Sie den ersten Tag hinzu!

MARC

LEADER 00000nam a22000007a 4500
008 230731b |||||||| |||| 00| 0 eng d
020 |a 978-1-61535-359-0 
245 |a ENCYCLOPEDIA Britannica: World atlas  |c Encyclopedia Britannica   |g 432p. : ill.  
250 |c Encyclopedia Britannica 
260 |b C. S Hammond  |c  2010.  |d book  |h New York  |i 687120 .  |l G1019 .En1  |m Atlases  |m World atlases.  |m Encyclopedia Britannica 
500 |a “It includes index” 
942 |a lcc  |c BK  |e adeniran F. A  |f 31/07/2023 
952 |0 0  |1 0  |2 lcc  |4 0  |7 0  |9 4324  |a HOL  |b RF  |c GJ  |d 2023-07-31  |l 0  |p 2023-0250  |r 2023-07-31 00:00:00  |t G1019 .En1  |w 2023-07-31  |y BK 
999 |c 2172  |d 2172